| 000 | 00598nam a22001931a 4500 | ||
|---|---|---|---|
| 001 | 11729 | ||
| 003 | OSt | ||
| 005 | 20260204212253.0 | ||
| 008 | 130516s2008||||ck ||||||b||||||||||spa|| | ||
| 020 | _a9789587190489 | ||
| 050 | _a658.404 G994p | ||
| 100 | _aGuzman Castro, Fernando | ||
| 245 | _aPreparacion y evaluacion de proyecto de la industria quimica / Fernandez Guzman Castro | ||
| 264 | _aColombia : Univercidad nacional de colombia | ||
| 300 | _a106 P. | ||
| 500 | _aIncluye bibliografia | ||
| 650 | _aADMINISTRACION DE PROYECTOS 2.INDUSTRIAS QUIMICA - PROYECTOS.Ì | ||
| 942 |
_2ddc _cBK |
||
| 999 |
_c11729 _d11729 |
||